LDR 01078naa#a2200193#i#450# 001 RU\\bibl\112038 005 20260601223510.1 011 ## _a2588-0209 100 ## _a20260227b2026####ek#y0rusy0150####ca 102 ## _aRU 200 1# _aПРОГНОЗИРОВАНИЕ КАК ОДИН ИЗ МЕХАНИЗМОВ УПРАВЛЕНИЯ ЗЕМЕЛЬНЫМИ РЕСУРСАМИ _eЖурнальная статья 210 1# _aМосква _cЭлектронная наука _d2026 215 ## _a19 с. 608 ## _aЖурнальная статья _2local 675 ## _aЗемлепользование и государственное руководство им. 349.414 _aМеры по поддержанию и повышению уровня использования земли. 332.37 _aИнтерполирование и экстраполирование. 519.652 _z 700 #1 _aНоженко _gТатьяна Викторовна 700 #1 _aНекрасова _gЕкатерина Викторовна 700 #1 _aХаритонова _gНаталья Дмитриевна 856 4# _aiacj.ru _u